000 01948nam a2200517Ii 4500
001 DIGAKAL0348
003 NyNyDIG
006 m o d
008 190828s2016 sp ob 000 0 spa d
007 cr |||||||||||
035 _a(OCoLC)972293186
040 _aDGITA
_beng
_erda
_epn
_cDGITA
020 _a9788446043102
_q(eBook ;
_qePub)
020 _a8446043106
_q(eBook ;
_qePub)
020 _z9788446042822
020 _z8446042827
041 1 _aspa
_heng
050 1 4 _aPN98.P67 ebook
082 0 4 _a809.9113
100 1 _aAnderson, Perry.
_eauthor.
240 1 0 _aOrigins of postmodernity.
_lSpanish
_s(Bredlow)
245 1 4 _aLos orígenes de la posmodernidad /
_cPerry Anderson ; traducción, Luís Andrés Bredlow.
264 1 _aTres Cantos, Madrid, España :
_bAkal,
_c[2016]
300 _a1 online resource.
336 _atext
_btxt
_2rdacontent
337 _acomputer
_bc
_2rdamedia
338 _aonline resource
_bcr
_2rdacarrier
347 _atext file
_2rdaft
347 _bEPUB
490 1 _aAkal/Cuestiones de antagonismo ;
_v90
504 _aIncludes bibliographical references.
588 0 _aOnline resource; title from ePub title page (Digitalia, viewed September 2, 2019)
600 1 0 _aJameson, Fredric.
650 0 _aPostmodernism (Literature)
650 0 _aMarxist criticism.
655 0 _aElectronic books.
700 1 _aBredlow, Luis Andrés,
_etranslator.
700 1 _iTranslation of:
_aAnderson, Perry.
_tOrigins of postmodernity.
791 2 _aDigitalia (Firm),
_edistributor.
793 0 _gDigitalia eBook Collection:
_aAkal
776 0 8 _iPrint version:
_aAnderson, Perry.
_sOrigins of postmodernity. Spanish (Bredlow).
_tOrígenes de la posmodernidad.
_dTres Cantos, Madrid : Akal, 2016
_z9788446042822
830 0 _aCuestiones de antagonismo ;
_v90.
856 4 0 _3Digitalia Hispánica
_uhttps://www.digitaliapublishing.com/a/50840/
910 _aPremium collection: 2019
942 _cRAA
999 _c252014
_d252014